00357pab a2200133 454500008004000000100001700040245006700057260000900124300001100133362001200144650001300156650002300169773003100192180718b2015 xxu||||| |||| 00| 0 eng d aMuller, Ralf aThe migration of methodologies for project management research c2015 ap.3-5. aApr-May aResearch aProject Management aProject Management Journal